Quizzes
Events
Quiz Creation
Community
Videos
Private Events
Remove Ads
Sign In
Join for FREE
Feedback
Dark Mode
Quiz Categories
Sports
Geography
Music
Movies
Television
Just For Fun
Miscellaneous
History
Literature
Language
Science
Gaming
Entertainment
Religion
Holiday
For Kids
Quiz Lab
Recent
Popular Today
Quiz Kudos Today
Editor Picks
Curator Picks
Quizzes by...
Day
Popularity
Type
Ratings
Length
Year
Community
Subscriptions
Recent Discussions
Orange Saloon
Badges
Playlists
Quests
Create
Leaderboards
Showdown
Live 5
Trivia Bingo
Activity
Puzzle Library
Sporcle Events
Private Events
Virtual Trivia
Globe League
Become a Host
Pub Owners
SporcleCon
Opinionation
Our Games
Videos
Blog
Mobile Apps
Partnerships
Remove Ads and Go Orange
Feedback
Sports
Athletes
MLB
NBA
NHL
NFL
Soccer
Sports Teams
WWE
NCAA
Football
Premier League
Basketball
Baseball
Hockey
Golf
Tennis
Cricket
Rugby
Auto Racing
Olympics
World Cup
Sports
Athletes
MLB
NBA
NHL
NFL
Soccer
Sports Teams
WWE
NCAA
Football
Premier League
Basketball
Baseball
Hockey
Golf
Tennis
Cricket
Rugby
Auto Racing
Olympics
World Cup
Random Quiz
Search Sporcle
×
Quiz Lab
Quiz Lab
Sports
Soccer
Type in answers that appear in a list
Type in answers that appear in a list
Classic
Best Score? Go Orange.
Promotion and relegation in Norwegian Tippeligaen Stats
Can you name the teams promoted in / relegated from Tippeligaen (Eliteserien), the football first division in Norway?
By
quoupo15
7m
108 Questions
1,264 Plays
1,264 Plays
1,264 Plays
Comments
Comments
Give Quiz Kudos
Give Quiz Kudos
-
- Ratings
hide this ad
Replay
Link that replays current quiz
Next Quiz
Link to next quiz in quiz playlist
You Got
0%
They Got
Avg Score
68%
Avg Friend Score
Upgrade to see
Score Distribution
Jump to the score distribution portion of the page
Score
0/108
Timer
07:00
0
Plays Today
Season
Teams
% Correct
2017 R
Viking Stavanger
94.4%
2014 R
SK Brann
94.2%
2015 P
SK Brann
94.2%
2001 R
Tromsø IL
93.9%
2002 P
Tromsø IL
93.9%
2013 R
Tromsø IL
93.9%
2014 P
Tromsø IL
93.9%
2017 P
FK Bodø/Glimt
93%
2005 R
FK Bodø/Glimt
92.7%
2007 P
FK Bodø/Glimt
92.7%
2009 R
FK Bodø/Glimt
92.7%
2013 P
FK Bodø/Glimt
92.7%
2016 R
FK Bodø/Glimt
92.7%
2006 R
Molde FK
92%
2007 P
Molde FK
92%
2018 P
Viking Stavanger
90.8%
2000 R
Vålerenga
90.7%
2001 P
Vålerenga
90.7%
2017 P
IK Start
90.3%
2000 R
IK Start
90.1%
2001 P
IK Start
90.1%
2002 R
IK Start
90.1%
2004 P
IK Start
90.1%
2007 R
IK Start
90.1%
2008 P
IK Start
90.1%
2011 R
IK Start
90.1%
2012 P
IK Start
90.1%
2016 R
IK Start
90.1%
2019 R
Tromsø IL
89.8%
2017 R
Aalesunds FK
88.5%
2002 P
Aalesunds FK
88.4%
2003 R
Aalesunds FK
88.4%
2004 P
Aalesunds FK
88.4%
2005 R
Aalesunds FK
88.4%
2006 P
Aalesunds FK
88.4%
2020 P
Tromsø IL
87.1%
Season
Teams
% Correct
2017 P
Ranheim
86%
2019 R
Lillestrøm SK
84.7%
2003 P
Fredrikstad FK
84.7%
2009 R
Fredrikstad FK
84.7%
2010 P
Fredrikstad FK
84.7%
2012 R
Fredrikstad FK
84.7%
2014 P
Mjøndalen IF
84.1%
2015 R
Mjøndalen IF
84.1%
2010 P
Sarpsborg 08
83.9%
2011 R
Sarpsborg 08
83.9%
2012 P
Sarpsborg 08
83.9%
2007 R
Odd Grenland
83.7%
2008 P
Odd Grenland
83.7%
2005 P
Sandefjord
83.3%
2007 R
Sandefjord
83.3%
2008 P
Sandefjord
83.3%
2010 R
Sandefjord
83.3%
2014 P
Sandefjord
83.3%
2015 R
Sandefjord
83.3%
2016 P
Sandefjord
83.3%
2017 R
Sogndal
83.2%
2000 P
Sogndal
82.9%
2004 R
Sogndal
82.9%
2010 P
Sogndal
82.9%
2014 R
Sogndal
82.9%
2015 P
Sogndal
82.9%
2000 P
FK Lyn
81.6%
2009 R
FK Lyn
81.6%
2019 P
Aalesunds FK
81.6%
2003 P
Hamarkameratene
81.6%
2006 R
Hamarkameratene
81.6%
2007 P
Hamarkameratene
81.6%
2008 R
Hamarkameratene
81.6%
2000 R
FK Haugesund
81.5%
2009 P
FK Haugesund
81.5%
2004 R
Stabæk
81.3%
Season
Teams
% Correct
2005 P
Stabæk
81.3%
2012 R
Stabæk
81.3%
2013 P
Stabæk
81.3%
2018 R
IK Start
81.3%
2019 P
IK Start
80.8%
2016 P
Kristiansund BK
80.2%
2021 R
SK Brann
80%
2022 P
SK Brann
80%
2000 P
Strømsgodset IF
80%
2001 R
Strømsgodset IF
80%
2006 P
Strømsgodset IF
80%
2020 P
Lillestrøm SK
78.7%
2020 R
Aalesunds FK
78.1%
2018 P
Mjøndalen IF
77.7%
2018 R
Sandefjord
76.8%
2021 P
Aalesunds FK
76.7%
2019 P
Sandefjord
75.4%
2022 R
Kristiansund BK
74.4%
2020 R
IK Start
74.2%
2011 P
Sandnes Ulf
73.7%
2014 R
Sandnes Ulf
73.7%
2021 P
Hamarkameratene
73.3%
2009 P
Kongsvinger IL
72.9%
2010 R
Kongsvinger IL
72.9%
2021 R
Stabæk
72.2%
2021 P
FK Jerv
72.2%
2022 R
FK Jerv
72.2%
2022 P
Stabæk
72.2%
2019 R
Ranheim
70.9%
2002 R
Moss FK
68.8%
2003 R
Bryne FK
67.8%
2021 R
Mjøndalen IF
67.8%
2009 P
Hønefoss BK
59.7%
2010 R
Hønefoss BK
59.7%
2011 P
Hønefoss BK
59.7%
2013 R
Hønefoss BK
59.7%
Quiz Playlist
Details
Report
Send in Message
Add To Playlist
Classic:
Type in answers that appear in a list
Last Updated: Sep 1, 2017
Quiz Scoreboard
CHALLENGE
Sign Up to Join the Scoreboard
Show All
Scores
Hide
Comments
May contain spoilers
Recently Published
9x9 Crossword: Cartoon Network
by jackfrog10
Miscellaneous
3m
College Basketball Coaching Resumes
by pancakes188
Sports
9m
Billboard Blitz: Fleetwood Mac
by CooCooCachoo
Music
15s
More to Explore
Quiz From the Vault
Featured Blog Post
Where Did the Easter Bunny Come From?
hide this ad
You Might Also Like...
Tags
Football Quiz
Soccer Quiz
European Football
Norway
Norwegian
Norwegian Football
Norwegian Tippeligaen
Promoted
promotion
Relegated
relegation
UEFA
Today's Top Quizzes in Sports
Browse Sports
hide this ad
Today's Top Quizzes in Soccer
Browse Soccer
Top Contributed Quizzes in Sports
1
2022 World Cup Stars
2
Les meilleurs buteurs des matchs entre le PSG et l’OM
3
FIFA Club World Cup Champions
4
Les entraîneurs de l'OM et du PSG au 21e siècle
5
Criteria MLB: Left Handed Sluggers
6
2023 MLB Unique Player Accomplishments
7
AFC Teams Reveal (Wrong Answers Minefield)
8
Players with Multiple 50 Home Run Seasons
9
5-to-1: FBS Animal Nicknames
10
5-to-1: UK Sports Teams
Explore More
Trending Topics
Marvel
NBA
Kpop
Crossword
Anime
Disney
Harry Potter
WWE
NFL
Pokémon
The Office
Soccer
Country
Song
Puzzle
hide this ad
More By:
quoupo15
Quiz
Plays
Rating
Category
Featured
Created
Middle Teams in French Ligue 1
5,428
5.00
Sports
Jun 14, 2019
Defeats of Spain in Soccer
5,219
5.00
Sports
Aug 3, 2018
Middle Teams in English Premier League
4,713
5.00
Sports
Aug 2, 2019
Defeats of Belgium in Soccer
2,550
5.00
Sports
Aug 18, 2018
Promotion and relegation in Polish Ekstraklasa
2,175
5.00
Sports
Aug 2, 2017
Go to Creator's Profile
Score Distribution
Quiz Creator Spotlight
quoupo15
Follow
Send a Message
Quizzes Created
-
Created Quiz Play Count
-
More By This Creator
Popular Quizzes Today
1
Find the US States - No Outlines Minefield
2
Find the Countries of Europe - No Outlines Minefield
3
The Countries of the World
4
Find the US States
5
Risky Map Clicking: Biggest States A-Z
6
US States
7
Popular People in 1961
8
Movies - When Are They Set?
More Sports Quizzes
Shiny 93-94 Premier League Stickers
Quiz Lab
Trending Quizzes
Risky Map Clicking: Least Populous States A-Z
1-10 Letter G Words
Risky Map Clicking: Next State Alphabetically
Adjectives in 80s TV Shows
Risky Map Clicking: Biggest States A-Z
Recently Updated
Leaping Animals
pecheneg
Reality TV Shows (A-Z)
bhenderson79
Rickey Henderson's Hall of Fame Teammates
pecheneg
Champions League XIs: Arsenal
pecheneg
Quick Pick: Celebrities in WWE's Hall of Fame
aduchscher
A-Z Keypad Blitz II
pecheneg
Multiple Oscar Actors
pecheneg
Mystery Phrase Blitz: Oscar 'Best Actors'
pecheneg
F. Scott Fitzgerald Novels
LTH
Pick 3 Villains
ddd62291
Trending Topics
Disney
Crossword
Marvel
Kpop
Harry Potter
Anime
NBA
The Office
Song
Soccer
WWE
Country
NFL
Puzzle
Pokémon
Your Account Isn't Verified!
In order to create a playlist on Sporcle, you need to verify the email address you used during registration. Go to your
Sporcle Settings
to finish the process.
Report this User
Report this user for behavior that violates our
Community Guidelines
.
Details:
Send Report
Go to the Sporcle.com Mobile Site →
Comments